Statistics for Zoe Saldaña Filmography

Click here to take the quiz!

General Stats

  • This quiz has been taken 51 times
    (18 since last reset)
  • The average score is 22 of 87

Answer Stats

TypeYearName% Correct
Film2019Avengers: Endgame
93%
Film2009Avatar
86%
Film2022Avatar: The Way of Water
86%
Film2018Avengers: Infinity War
86%
Film2014Guardians of the Galaxy
79%
Film2017Guardians of the Galaxy Vol. 2
79%
Film2023Guardians of the Galaxy Vol. 3
79%
Film2024Avatar 3
71%
Film2026Avatar 4
71%
Film2009Star Trek
71%
Video Game2013Star Trek
71%
Film2028Avatar 5
57%
Film2016Star Trek Beyond
57%
Film2013Star Trek Into Darkness
57%
Film2003Pirates of the Caribbean: The Curse of the Black Pearl
43%
Film2010The Losers
43%
Film2002Crossroads
36%
Film2016Nina
36%
Film2014The Book of Life
36%
Film2011Colombiana
29%
Film2010Death at a Funeral
29%
Film2005Guess Who
29%
Film2017My Little Pony: The Movie
29%
Film2022The Adam Project
29%
Film2022Amsterdam
21%
Web Mini-Series2020Home Movie: The Princess Bride
21%
Film2017I Kill Giants
21%
Film2014Infinitely Polar Bear
21%
TV Show2016Lip Sync Battle
21%
Film2016Live by Night
21%
Film2019Missing Link
21%
Film2013Out of the Furnace
21%
Film2004The Terminal
21%
Film2021Vivo
21%
Film2007After Sex
14%
TV Film2007Blackout
14%
Film2013Blood Ties
14%
Film2010Burning Palms
14%
Film2000Center Stage
14%
TV Show2013Comedy Bang! Bang!
14%
Film2005Constellation
14%
Film2005Dirty Deeds
14%
Film2002Drumline
14%
Web Mini-Series2022From Scratch
14%
Film2001Get Over It
14%
Short Film2022Guardians of the Galaxy: Cosmic Rewind
14%
Film2004Haven
14%
TV Show1999Law & Order
14%
TV Show2004Law & Order: Special Victims Unit
14%
Web Series2023Lioness
14%
Commercial2016L'Oréal
14%
Web Mini-Series2021Maya and the Three
14%
Film2006Premium
14%
TV Mini-Series2014Rosemary's Baby
14%
TV Show2006-2007Six Degrees
14%
Film2001Snipes
14%
Film2010Takers
14%
Film2004Temptation
14%
Film2005The Curse of Father Cardona
14%
Film2006The Heart Specialist
14%
Film2009The Skeptic
14%
Film2012The Words
14%
Documentary2015Unity
14%
Film2020Vampires vs. the Bronx
14%
Film2008Vantage Point
14%
Short Film2019A Story Takes Flight
7%
Documentary2015Black Man White Skin
7%
Video Game2014Book of Life: Sugar Smash
7%
Short Film2020Boss B***h Fight Challenge
7%
TV Show2016Celebrity Style Story
7%
Commercial2021Corona
7%
Music Video2017Free Me
7%
Short Film2010Idiots
7%
Music Video2017Inferno
7%
Theater2007Joseph and the Amazing Technicolor Dreamcoat
7%
Short Film2011Kaylien
7%
FilmTBAKeyhole Garden
7%
Commercial2006Macy's
7%
Music Video2018Nice for What
7%
TV Show2011, 2012Project Runway
7%
TV Show2005Punk'd
7%
TV Short2016Quantum Is Calling
7%
Music Video2019Show Me Love
7%
TV Show2009Space Ghost Coast to Coast
7%
Documentary Series2014The Real History of Science Fiction
7%
Short Documentary2017What Would the Ocean Say?
7%
Web Series2014Zoe Saldaña Presents My Hero
7%

Score Distribution

Percentile by Number Answered

Percent of People with Each Score

Your Score History

You have not taken this quiz since the last reset